00368nam a22001337a 450000500170000000800410001704000070005804100120006508200210007710000250009824500370012326000400016065000340020020241221113433.0241221b ||||| |||| 00| 0 eng d cAL aEnglish 223a348.04bEASS aEastern Book Company aSupreme Court Cases 2006: Vol 10 aLucknowbEastern Book Comapnyc2016 aMode of Citation(2006) 10 SCC